Normal view
MARC view
Entry Personal Name
001 - CONTROL NUMBER
- control field: 13617
003 - CONTROL NUMBER IDENTIFIER
- control field: BD-RjUL
005 - DATE AND TIME OF LATEST TRANSACTION
- control field: 20240926154538.0
008 - FIXED-LENGTH DATA ELEMENTS
- fixed length control field: 240926|| aca||aabn | a|a d
040 ## - CATALOGING SOURCE
- Original cataloging agency: BD-RjUL
- Transcribing agency: BD-RjUL
100 ## - HEADING--PERSONAL NAME
- Personal name: Magarshack, David
670 ## - SOURCE DATA FOUND
- Source citation: Work cat.: (BD-RjUL)84044: Dostoyevsky, Fyodor, 1821-1881. 189625, The brothers Karamazov /, 1958, [reprinted 1967]